[Presentació audiovisual de la Diputació de Barcelona]
Descripción Física:
1 CD-ROM ; 12 cm
MARC
| LEADER | 00000nam a2200000Ia 4500 | ||
|---|---|---|---|
| 001 | 24238 | ||
| 008 | 160829s2007 xx 000 0 cat d | ||
| 080 | |a CD-1-233 | ||
| 245 | |a [Presentació audiovisual de la Diputació de Barcelona] | ||
| 260 | |a [Barcelona] : |b Diputació de Barcelona, |c 2007 | ||
| 300 | |a 1 CD-ROM ; |c 12 cm | ||
| 590 | |a Conté un fitxer executable. | ||
| 590 | |a Versió en català | ||
| 610 | 0 | |a Barcelona (Catalunya : Província). |b Diputació |x Història |9 10583 | |
| 710 | 1 | |a Barcelona (Catalunya : Província). |b Diputació |9 52408 | |
| 901 | |a Arxiu | ||
| 942 | |n 1 | ||
| 952 | |0 0 |1 0 |4 0 |6 CD1233 |7 1 |9 55202 |a Arxiu |b Arxiu |d 2016-12-01 |l 0 |o CD-1-233 |p 24238 |r 2016-12-01 00:00:00 |w 2016-12-01 |y ARXIU | ||
| 999 | |c 59074 |d 59074 | ||